| 000 | 01295cam7a220030101 4500 | ||
|---|---|---|---|
| 001 | lce02452422 | ||
| 005 | 20190819114858.0 | ||
| 008 | 901003s1991 dcu b f001 0 eng | ||
| 010 | _a 90010415 | ||
| 035 | _a(Sirsi) r91751 | ||
| 035 | _a(DLC) 90010415 | ||
| 035 | _a(UPRA)lce02452422 | ||
| 040 |
_aDLC _cDLC _dDLC |
||
| 043 | _anwdq--- | ||
| 050 | 0 | 0 |
_aQK1 _b.S2747 no. 77 _aQK231.D59 |
| 082 | 0 | 0 |
_a581 s _a583/.09729841 _220 |
| 086 | 0 | _aSI 1.29:77 | |
| 100 | 1 |
_aNicolson, Dan H. (Dan Henry), 1933- _qNicolson, Dan H. (Dan Henry), 1933- _dNicolson, Dan H. (Dan Henry), 1933- _6A50749.1 |
|
| 245 | 1 | 0 |
_aFlora of Dominica. _nPart 2, Dicotyledoneae / _pPart 2, Dicotyledoneae / _cDan H. Nicolson, with Robert A. DeFilipps, Alice C. Nicolson, and others. |
| 260 |
_aWashington, D.C. : _bSmithsonian Institution Press, _c1991. |
||
| 440 | 0 |
_aSmithsonian contributions to botany ; _vno. 77 _6S1367.1 |
|
| 500 | _aPt. 1: Flora of Dominica, B.W.I., part 1 / W.H. Hodge, published in Lloydia, 1954. | ||
| 504 | _aIncludes bibliographical references (p. 230-249) and index. | ||
| 650 | 0 |
_aDicotyledons -- Dominica. _zDicotyledons -- Dominica. _6S39673.1 |
|
| 650 | 0 |
_aBotany -- Dominica. _zBotany -- Dominica. _6S39674.1 |
|
| 949 |
_aQK1 _wlcc _i-128893 _mMAIN _tBOOK _lON-SHELF |
||
| 004 | 91751 | ||
| 999 |
_c109515 _d109515 |
||